[Event "Satu Mare Foisor rapid 3rd"]
[Site "Satu Mare"]
[Date "2020.01.19"]
[Round "9"]
[White "Gavrilescu, David"]
[Black "Ionescu, Irina"]
[Result "1-0"]
[WhiteElo "2455"]
[BlackElo "2202"]
[PlyCount "63"]
[EventDate "2020.01.18"]
[EventType "swiss (rapid)"]
[EventRounds "10"]
[EventCountry "ROU"]
[SourceTitle "CBM 194 Extra"]
[Source "ChessBase"]
[SourceDate "2020.03.31"]
[SourceVersion "1"]
[SourceVersionDate "2020.03.31"]
[SourceQuality "1"]

1. e4 d6 2. d4 Nf6 3. Bd3 e5 4. c3 g6 5. Nf3 Nbd7 6. 0-0 Bg7 7. Re1 0-0 8. Na3 b6 9. Nc4 Bb7 10. d5 a5 11. a4 Ba6 12. b4 axb4 13. cxb4 b5 14. Na5 bxa4 15. Nc6 Qe8 16. b5 Bb7 17. Be3 Nb6 18. Bxb6 cxb6 19. Nd2 Nd7 20. Nc4 Nc5 21. Nxd6 Qd7 22. Nc4 Nxd3 23. Qxd3 Bxc6 24. bxc6 Qc7 25. Na3 Rfd8 26. Rec1 Bf8 27. Nb5 Qc8 28. d6 Bxd6 29. Nxd6 Qc7 30. Nb5 Rxd3 31. Nxc7 Rc8 32. Nd5 1-0

[Event "Satu Mare Szabo Memorial"]
[Site "Satu Mare"]
[Date "2019.08.07"]
[Round "8"]
[White "Bonte, Andrei Mihai"]
[Black "Ionescu, Irina"]
[Result "1/2-1/2"]
[WhiteElo "2338"]
[BlackElo "2217"]
[PlyCount "47"]
[EventDate "2019.08.02"]
[EventType "swiss"]
[EventRounds "9"]
[EventCountry "ROU"]
[SourceTitle "CBM 191 Extra"]
[Source "ChessBase"]
[SourceDate "2019.09.30"]
[SourceVersion "1"]
[SourceVersionDate "2019.09.30"]
[SourceQuality "1"]

1. Nf3 d5 2. d4 Nf6 3. c4 c6 4. Qc2 g6 5. Bg5 Ne4 6. Bf4 Bg7 7. e3 0-0 8. Nc3 Qa5 9. Bd3 Nxc3 10. bxc3 Nd7 11. cxd5 cxd5 12. Rb1 Nb6 13. 0-0 Bd7 14. Nd2 Rfc8 15. Rfc1 Bf8 16. Nb3 Qa4 17. Nc5 Qxc2 18. Rxc2 Bc6 19. Bb5 Bxb5 20. Rxb5 Nc4 21. Rxb7 e5 22. Bg3 Bxc5 23. dxc5 Rxc5 24. Bh4 1/2-1/2

[Event "ROM-ch (Women)"]
[Site "Olanesti"]
[Date "2019.03.04"]
[Round "3"]
[White "Ionescu, Irina"]
[Black "Cosman, Andreea Marioara"]
[Result "1-0"]
[WhiteElo "2270"]
[BlackElo "2191"]
[PlyCount "81"]
[EventDate "2019.03.02"]
[EventType "swiss"]
[EventRounds "9"]
[EventCountry "ROU"]
[SourceTitle "CBM 189 Extra"]
[Source "ChessBase"]
[SourceDate "2019.06.03"]
[SourceVersion "1"]
[SourceVersionDate "2019.06.03"]
[SourceQuality "1"]

1. e4 c5 2. Nf3 d6 3. Bb5+ Bd7 4. Bxd7+ Qxd7 5. c4 Nc6 6. Nc3 Nf6 7. d4 cxd4 8. Nxd4 e6 9. 0-0 Be7 10. b3 0-0 11. Bb2 Rfd8 12. Re1 a6 13. a4 b6 14. Nc2 Rac8 15. Ne3 Qb7 16. Rc1 Nd7 17. Rc2 Na7 18. Rd2 b5 19. axb5 axb5 20. Nxb5 Nxb5 21. cxb5 Qxb5 22. Nc4 Nb6 23. Nxb6 Qxb6 24. h4 Qa5 25. Qg4 g6 26. Red1 Rc6 27. Qf4 Rdc8 28. g3 Rc2 29. Rxc2 Rxc2 30. Bf6 e5 31. Qf3 Rc3 32. Qe2 Bxf6 33. Rxd6 Be7 34. Rd7 Bc5 35. Kg2 Rc1 36. Qf3 f5 37. exf5 Bxf2 38. fxg6 Rg1+ 39. Kh2 Rh1+ 40. Kxh1 Qe1+ 41. Kg2 1-0